[Event "Challenge"]
[Site "http://www.queenalice.com/game.php?id=1589770"]
[Date "2019.11.12"]
[Round "-"]
[White "cajuchos"]
[Black "lelugri"]
[Result "0-1"]
[WhiteElo "1564"]
[BlackElo "1458"]

1. d4 f5 2. Bf4 Nf6 3. e3 e6 4. Nf3 Be7 5. Nbd2 O-O 6. c4 c6 7. c5 b6 8. b4 d5
9. Bd3 bxc5 10. bxc5 Ne4 11. Ne5 Bg5 12. f3 Bxf4 13. exf4 Nxd2 14. Qxd2 Qc7 15.
O-O Nd7 16. Rab1 Nxe5 17. fxe5 a5 18. a4 Ba6 19. Bxa6 Rxa6 20. Rb2 Raa8 21. Rfb1
h6 22. Rb7 Qd8 23. R1b6 Qc8 24. Re7 Rf7 25. Rbb7 Rxe7 26. Rxe7 Kf8 27. Rxg7 Kxg7
28. Qf2 Qd8 29. Qb2 Rb8 30. Qc2 Qg5 31. h3 Qe3+ 32. Kh2 Qxd4 33. g4 Rb2 34. Qxb2
Qxb2+ 35. Kg3 Qxe5+ 36. f4 Qe3+ 37. Kh4 Qxf4 0-1

[Event "Challenge"]
[Site "http://www.queenalice.com/game.php?id=1589974"]
[Date "2019.11.13"]
[Round "-"]
[White "lelugri"]
[Black "cajuchos"]
[Result "0-1"]
[WhiteElo "1464"]
[BlackElo "1521"]

1. c4 c5 2. Nc3 Nf6 3. Nf3 e6 4. g3 d5 5. cxd5 exd5 6. e3 Nc6 7. Bg2 Bf5 8. O-O
Nb4 9. Nh4 Bc2 10. Qe1 Bd3 11. a3 Nc2 12. Qd1 Nxa1 0-1

[Event "Challenge"]
[Site "http://www.queenalice.com/game.php?id=1590431"]
[Date "2019.11.18"]
[Round "-"]
[White "Gojo"]
[Black "cajuchos"]
[Result "1-0"]
[WhiteElo "1551"]
[BlackElo "1544"]

1. e4 c5 2. Nf3 g6 3. d4 cxd4 4. Nxd4 Nc6 5. Nf3 Bg7 6. Bc4 e6 7. O-O Nge7 8.
Bg5 h6 9. Bh4 Bxb2 10. Nbd2 Bxa1 11. Qxa1 Rg8 12. Bb5 a6 13. Ba4 g5 14. Bg3 Rb8
15. Bxb8 Nxb8 16. e5 b5 17. Bb3 Nbc6 18. Ne4 Rg6 19. Nd6+ Kf8 20. c4 bxc4 21.
Bxc4 a5 22. Bd3 Rg7 23. Rb1 Nb4 24. Be4 Ng6 25. Rc1 Ba6 26. a3 Nd3 27. Bxd3 Bxd3
28. Rc8 Qxc8 29. Nxc8 Nf4 30. a4 g4 31. Qa3+ Kg8 32. Qe7 Kh7 33. Nd4 Ng6 34. Qc5
Rg8 35. Ne7 Rg7 36. Nxg6 Bxg6 37. Qxa5 Rg8 38. Qa7 Be4 39. Qxd7 Rg7 40. a5 Kg6
41. Qd8 Kh7 42. a6 Rg8 43. Qd7 Kg7 44. Nc6 Ra8 45. Qb7 Bxc6 46. Qxc6 Rd8 47. g3
Rd1+ 48. Kg2 Ra1 49. Qb7 Kg6 50. a7 Kf5 51. a8=Q Rxa8 52. Qxa8 Kxe5 53. Qa1+ Kf5
54. Qg7 1-0

[Event "Challenge"]
[Site "http://www.queenalice.com/game.php?id=1591346"]
[Date "2019.11.27"]
[Round "-"]
[White "cajuchos"]
[Black "lelugri"]
[Result "0-1"]
[WhiteElo "1544"]
[BlackElo "1507"]

1. d4 f5 2. Bf4 Nf6 3. Nf3 e6 4. e3 Be7 5. c3 O-O 6. Nbd2 d5 7. c4 c6 8. c5 Ne4
9. Ne5 Nd7 10. f3 Nxd2 11. Qxd2 Nxe5 12. dxe5 Bxc5 13. Bd3 a5 14. Rg1 b6 15. Qf2
Ba6 16. Qg3 Bxd3 17. Bh6 Rf7 18. Bg5 Be7 19. Bxe7 Qxe7 20. O-O-O Bb5 21. h4 Raf8
22. f4 Qc5+ 23. Kb1 Qc4 24. h5 Qe4+ 25. Ka1 c5 26. h6 Be2 27. Rd2 Bg4 28. Qf2
gxh6 29. Rh1 h5 30. Qh4 h6 31. a3 Qxe3 32. Qe1 Qxe1+ 33. Rxe1 b5 34. Rd3 b4 35.
g3 c4 36. Rd2 c3 37. bxc3 bxc3 38. Rc2 Rc7 39. Ka2 d4 40. Rec1 Kg7 41. Kb3 Bf3
42. Ka4 Ra8 43. Rb1 Be4 44. Rcc1 Bxb1 45. Rxb1 c2 46. Rc1 d3 0-1

[Event "Challenge"]
[Site "http://www.queenalice.com/game.php?id=1591902"]
[Date "2019.12.3"]
[Round "-"]
[White "lelugri"]
[Black "cajuchos"]
[Result "1-0"]
[WhiteElo "1524"]
[BlackElo "1527"]

1. c4 c5 2. Nc3 g6 3. Nf3 Bg7 4. g3 Nf6 5. Bg2 O-O 6. O-O d5 7. cxd5 Nxd5 8. e4
Nxc3 9. bxc3 b6 10. Bb2 Nc6 11. d4 cxd4 12. Nxd4 Nxd4 13. cxd4 Bb7 14. Rb1 Re8
15. d5 Bxb2 16. Rxb2 Qd6 17. Qd2 e6 18. Rd1 Rad8 19. Qc3 exd5 20. exd5 Qe5 21.
Qxe5 Rxe5 22. Rbd2 a5 23. d6 Bxg2 24. Kxg2 b5 25. Rd5 Rxd5 26. Rxd5 Rd7 27. Rxb5
Rxd6 28. Rxa5 Rd2 29. a4 Ra2 30. Ra8+ Kg7 31. a5 Kf6 32. Kf3 Ke6 33. a6 Kd6 34.
a7 Kc6 35. Rh8 Rxa7 36. Rxh7 Kd6 37. h4 Ra3+ 38. Kg4 Ke6 39. h5 Ra4+ 40. f4 g5
41. Rh6+ f6 42. Rg6 Ra7 43. fxg5 Rf7 44. Rxf6+ Rxf6 45. gxf6 Kxf6 46. Kf4 Kg7
47. Kg5 Kh7 48. g4 Kg7 49. h6+ Kh7 50. Kh5 Kg8 51. g5 Kh8 52. g6 Kg8 53. Kg5 Kh8
54. Kf6 Kg8 55. g7 Kh7 56. Kf7 Kxh6 57. g8=Q 1-0

[Event "Challenge"]
[Site "http://www.queenalice.com/game.php?id=1592248"]
[Date "2019.12.6"]
[Round "-"]
[White "Mich"]
[Black "cajuchos"]
[Result "1-0"]
[WhiteElo "1931"]
[BlackElo "1544"]

1. e4 c5 2. Nc3 g6 3. f4 Bg7 4. Nf3 Nc6 5. Bc4 e6 6. f5 gxf5 7. d3 Qa5 8. O-O
Nge7 9. Bd2 Qc7 10. exf5 Nxf5 11. Ng5 d5 12. Rxf5 exf5 13. Nxd5 Bd4+ 14. Kh1 Qd6
15. Qh5 Bxb2 16. Qxf7+ Kd8 17. Bf4 Ne5 18. Rb1 Nxf7 19. Nxf7+ Kd7 20. Nxd6 Bd4
21. Bb5+ 1-0

[Event "Challenge"]
[Site "http://www.queenalice.com/game.php?id=1594194"]
[Date "2019.12.26"]
[Round "-"]
[White "cajuchos"]
[Black "mitsho"]
[Result "0-1"]
[WhiteElo "1469"]
[BlackElo "1643"]

1. d4 d5 2. Bf4 Nf6 3. Nf3 Nc6 4. e3 Bg4 5. Be2 g6 6. O-O Bg7 7. Ne5 Bxe2 8.
Qxe2 O-O 9. Nxc6 bxc6 10. c4 Ne4 11. Nd2 Nxd2 12. Qxd2 f6 13. c5 e5 14. dxe5
fxe5 15. Bg3 d4 16. exd4 Qxd4 17. Rad1 Rf7 18. Qa5 Qxb2 19. Rd2 Qb5 20. Qxb5
cxb5 21. Rfd1 c6 22. Rd6 Bf8 23. Rxc6 e4 24. Re6 Bxc5 25. Rxe4 a5 26. Re5 Rf5
27. Rdd5 Rxe5 28. Rxe5 Rd8 29. h3 Rc8 30. Bf4 a4 31. Bh6 b4 32. Re2 b3 33. axb3
axb3 34. Rb2 Rb8 35. Kf1 Bd4 36. Rb1 b2 37. Re1 b1=Q 38. Rxb1 Rxb1+ 39. Ke2 Rb2+
0-1

[Event "Challenge"]
[Site "http://www.queenalice.com/game.php?id=1597177"]
[Date "2020.1.23"]
[Round "-"]
[White "cajuchos"]
[Black "NOVAG91"]
[Result "0-1"]
[WhiteElo "1482"]
[BlackElo "1549"]

1. d4 d5 2. Bf4 Nc6 3. e3 f6 4. Bd3 e5 5. Qh5+ g6 6. Bxg6+ Kd7 7. Bf5+ Ke7 8.
dxe5 fxe5 9. Bg5+ Nf6 10. Bxf6+ Kxf6 11. Bg4 d4 12. Qh4+ Kg7 13. Qg3 Nb4 14.
Bd1+ Kf6 15. Qh4+ Ke6 16. Bg4+ Kf7 17. Bh5+ Ke6 18. Qxd8 Nxc2+ 19. Kd2 Nxa1 20.
Bg4+ Kf7 21. Bxc8 Bb4+ 22. Nc3 Rxd8 23. Bxb7 dxc3+ 0-1

[Event "Challenge"]
[Site "http://www.queenalice.com/game.php?id=1599506"]
[Date "2020.2.14"]
[Round "-"]
[White "mariesco"]
[Black "cajuchos"]
[Result "0-1"]
[WhiteElo "1464"]
[BlackElo "1496"]

1. e4 c5 2. Nc3 g6 3. b3 Bg7 4. Bb2 Nf6 5. Bc4 e6 6. f3 O-O 7. Nge2 d5 8. Bb5 d4
9. Nb1 a6 10. Bd3 e5 11. O-O Nc6 12. a3 Nh5 13. c4 Nf4 14. Nxf4 exf4 15. b4 b6
16. b5 Ne5 17. Bc2 axb5 18. cxb5 Bd7 19. a4 Nc4 20. Bc1 Re8 21. Bb3 Be6 22. Qe2
d3 23. Qf2 Bd4 24. Bxc4 Bxf2+ 25. Rxf2 Qd4 26. Ra3 Bxc4 27. Nc3 f5 28. h3 fxe4
29. fxe4 Re5 30. Kf1 Rae8 31. Rxf4 Rf5 32. Rxf5 gxf5 33. a5 fxe4 34. axb6 Rf8+
35. Ke1 Qg1# 0-1

[Event "Challenge"]
[Site "http://www.queenalice.com/game.php?id=1602059"]
[Date "2020.3.9"]
[Round "-"]
[White "cajuchos"]
[Black "chessdalion"]
[Result "0-1"]
[WhiteElo "1567"]
[BlackElo "1539"]

1. d4 d5 2. Bf4 Nf6 3. e3 e6 4. Nf3 Bd6 5. Ne5 O-O 6. Nd2 Nbd7 7. Ndf3 Ne4 8.
Nd2 Bxe5 9. dxe5 Nxd2 10. Qxd2 c6 11. Bd3 a6 12. Qe2 b5 13. b4 c5 14. a3 c4 15.
Bxh7+ Kxh7 16. Qh5+ Kg8 17. Qg4 f5 18. Qg6 Qe8 19. Qg3 Bb7 20. Bh6 Rf7 21. h4
Kh7 22. Bf4 Nb6 23. c3 Na4 24. Kd2 Nb2 25. h5 Nd3 26. Qg6+ Kg8 27. h6 Nxf4 28.
exf4 Rd7 29. h7+ Kh8 30. Qxe8+ Rxe8 31. Rag1 g6 32. g4 fxg4 33. Rxg4 d4 34. Rxg6
dxc3+ 35. Kxc3 Rd3+ 36. Kc2 Rxa3 37. Rg8+ Rxg8 38. hxg8=Q+ Kxg8 39. Rg1+ Kf7 40.
Rh1 Ra2+ 41. Kb1 Bxh1 42. Kxa2 Kg6 43. Kb2 Kf5 44. Kc3 Kxf4 45. Kd4 Kf3 46. Kc5
c3 0-1

[Event "Challenge"]
[Site "http://www.queenalice.com/game.php?id=1602520"]
[Date "2020.3.14"]
[Round "-"]
[White "cajuchos"]
[Black "iceman_gobbi"]
[Result "0-1"]
[WhiteElo "1526"]
[BlackElo "1376"]

1. d4 d5 2. Bf4 e5 3. dxe5 Be6 4. Nf3 f6 5. exf6 Nxf6 6. e3 Nc6 7. Nbd2 Bd6 8.
Ne5 Nxe5 9. Nf3 Nxf3+ 10. Qxf3 Ne4 11. Qh5+ Bf7 12. Qg4 h5 13. Qxg7 Rg8 14. Qd4
Qf6 15. O-O-O Qxd4 16. Rxd4 Nxf2 17. Rg1 O-O-O 18. Bxd6 Rxd6 19. Rd2 Ne4 20. Rd3
Rgd8 21. Be2 d4 22. Rgd1 Nf2 23. g4 Nxd1 24. Bxd1 dxe3 25. Rxd6 Rxd6 26. gxh5
Bxa2 27. b3 Rc6 28. Kb2 Rd6 29. Be2 Rd2 30. Bg4+ Kd8 31. Kc3 Rxh2 32. Kb2 Bxb3
33. Kxb3 e2 34. Bxe2 Rxe2 0-1

[Event "Challenge"]
[Site "http://www.queenalice.com/game.php?id=1602521"]
[Date "2020.3.14"]
[Round "-"]
[White "cajuchos"]
[Black "mariesco"]
[Result "1-0"]
[WhiteElo "1511"]
[BlackElo "1475"]

1. c4 e5 2. Nc3 c6 3. d4 d5 4. dxe5 Ne7 5. e3 g6 6. e4 d4 7. Na4 Qa5+ 8. Bd2
Qxe5 9. Bd3 c5 10. Nf3 Qc7 11. O-O Bg7 12. Rb1 O-O 13. Ng5 h6 14. Nf3 b6 15. b3
Nd7 16. b4 Ne5 17. Nxe5 Qxe5 18. f4 Qh5 19. bxc5 Bg4 20. Qb3 Bf6 21. cxb6 Be2
22. Bxe2 Qxe2 23. b7 Qxd2 24. bxa8=Q Rxa8 25. e5 Bg7 26. Rbd1 Qe3+ 27. Qxe3 Nf5
28. Qe4 Rd8 29. Rfe1 Bf8 30. e6 f6 31. g4 Nd6 32. Qxg6+ Kh8 33. Qxf6+ Bg7 34.
Qxd8+ Kh7 35. Qxd6 1-0

[Event "Nuzzera"]
[Site "http://www.queenalice.com/game.php?id=1604530"]
[Date "2020.3.27"]
[Round "2"]
[White "cajuchos"]
[Black "luca77"]
[Result "0-1"]
[WhiteElo "1559"]
[BlackElo "1179"]

1. d4 d5 2. Bf4 Na6 3. c3 e6 4. Nf3 Bd6 5. Ne5 Bxe5 6. Bxe5 f6 7. Bg3 Bd7 8. Nd2
Ne7 9. e3 O-O 10. Bxa6 bxa6 11. O-O Rb8 12. Nb3 Nf5 13. Nc5 Rxb2 14. Qc1 Rb5 15.
Qd2 e5 16. Nxa6 exd4 17. Nxc7 dxc3 18. Qxc3 Qe7 19. Nxb5 Bxb5 20. Rfd1 Nxg3 21.
hxg3 Re8 22. Rxd5 Bd7 23. Qc4 Qe6 24. Rc1 g5 25. Rxg5+ fxg5 0-1

[Event "Challenge"]
[Site "http://www.queenalice.com/game.php?id=1606522"]
[Date "2020.4.8"]
[Round "-"]
[White "cajuchos"]
[Black "Lol2lyn"]
[Result "0-1"]
[WhiteElo "1526"]
[BlackElo "1755"]

1. d4 d5 2. Bf4 Nc6 3. e3 e6 4. Nf3 Nf6 5. c4 Bd6 6. Bg3 O-O 7. c5 Be7 8. Nc3 b6
9. Ne5 Bb7 10. b4 a5 11. a3 axb4 12. axb4 Nxb4 13. c6 Ba6 14. Bxa6 Rxa6 15. Rxa6
Nxa6 16. Qa4 Nc5 17. dxc5 Bxc5 18. Nd3 d4 19. Nb5 dxe3 20. Nxc5 Qd2+ 21. Kf1 e2+
0-1

[Event "Challenge"]
[Site "http://www.queenalice.com/game.php?id=1606928"]
[Date "2020.4.10"]
[Round "-"]
[White "cajuchos"]
[Black "esquadro"]
[Result "1-0"]
[WhiteElo "1537"]
[BlackElo "1537"]

1. d4 d5 2. Bf4 Na6 3. e3 e6 4. c4 Nf6 5. c5 g6 6. Nf3 h6 7. Bd3 Nh5 8. Bg3 g5
9. Ne5 Qe7 10. Qa4+ Bd7 11. Nxd7 Bg7 12. Nb6+ c6 13. Nxa8 Nxg3 14. hxg3 O-O 15.
Bxa6 bxa6 16. Qxa6 Rxa8 17. Nc3 Qe8 18. Ke2 f5 19. f4 h5 20. Rh2 gxf4 21. gxf4
Qd7 22. Na4 Rb8 23. Rxh5 Rb4 24. Rah1 Rc4 25. Rg5 Rc2+ 26. Kf3 Rc4 27. Rh6 Qf7
28. Qc8+ Qf8 29. Qxe6+ Qf7 30. Rxf5 Qxe6 31. Rxe6 Rc1 32. Rxc6 Rh1 33. Rc8+ Kh7
34. Rxd5 Rh6 35. c6 a6 36. Rcd8 Rxc6 37. Rc5 Rh6 38. Rcc8 a5 39. Rd7 Rg6 40. Nc5
a4 41. f5 Rf6 42. g4 Kh6 43. Ne6 Kh7 44. Nxg7 Rb6 45. Ne6+ Kh6 46. Rh8# 1-0

[Event "Challenge"]
[Site "http://www.queenalice.com/game.php?id=1608812"]
[Date "2020.4.22"]
[Round "-"]
[White "cajuchos"]
[Black "Eugenederouf"]
[Result "1-0"]
[WhiteElo "1550"]
[BlackElo "1447"]

1. d4 Nf6 2. Bf4 Nc6 3. e3 e5 4. dxe5 Nh5 5. Qxh5 g6 6. Qf3 Bb4+ 7. c3 Bc5 8.
Bh6 Nxe5 9. Qf4 Bd6 10. Qe4 f5 11. Qd5 Qe7 12. Nf3 c6 13. Qd1 Qe6 14. Nbd2 Bf8
15. Bxf8 Rxf8 16. Qb3 d5 17. Ng5 Qe7 18. Ngf3 g5 19. Nxe5 Qxe5 20. Nf3 Qf6 21.
Be2 Be6 22. Qxb7 Rd8 23. Qxc6+ Bd7 24. Qxd5 Qe6 25. Qxe6+ Bxe6 26. Nxg5 Bf7 27.
Nxh7 Rh8 28. Ng5 Bd5 29. Bf3 Bg8 30. O-O Bc4 31. Rfd1 Rc8 32. Rd4 Rg8 33. h4 Rd8
34. Rxc4 Rh8 35. Rd1 Rb8 36. b3 a5 37. Bc6+ Kf8 38. Ne6+ Ke7 39. Nf4 Rxh4 40.
Ng6+ Ke6 41. Nxh4 Rh8 42. Nf3 Kf6 43. Rd5 Ke6 44. Nd4+ Kf6 45. Rxa5 Kg5 46.
Rxf5+ Kg6 47. Be4 Kg7 48. Rc6 Kh7 49. Rh5+ Kg7 50. Rxh8 Kxh8 51. a4 Kg8 52. a5
Kg7 53. a6 Kf7 54. a7 Kg7 55. a8=Q Kf7 56. Qa7+ Kf8 57. Rc8# 1-0

[Event "Challenge"]
[Site "http://www.queenalice.com/game.php?id=1612472"]
[Date "2020.5.16"]
[Round "-"]
[White "cajuchos"]
[Black "esquadro"]
[Result "1-0"]
[WhiteElo "1553"]
[BlackElo "1509"]

1. c4 c6 2. Nc3 Nf6 3. g3 d6 4. Bg2 a6 5. e4 g6 6. d3 e5 7. Nf3 Bg7 8. O-O h6 9.
b4 Qb6 10. Rb1 Qc7 11. Nh4 g5 12. Nf3 Nbd7 13. a4 O-O 14. Be3 c5 15. b5 axb5 16.
axb5 b6 17. g4 Bb7 18. Ra1 h5 19. Nxg5 Nxg4 20. h3 Nxe3 21. fxe3 Qd8 22. Qxh5
Qe7 23. Qh7# 1-0

[Event "Challenge"]
[Site "http://www.queenalice.com/game.php?id=1621208"]
[Date "2020.7.23"]
[Round "-"]
[White "cajuchos"]
[Black "flemster"]
[Result "0-1"]
[WhiteElo "1559"]
[BlackElo "1652"]

1. d4 Nf6 2. Bf4 c5 3. c3 e6 4. Nf3 b6 5. e3 Bb7 6. Nbd2 Be7 7. Bd3 O-O 8. Ne5
d6 9. Nef3 Nbd7 10. Ne4 Nxe4 11. Nd2 Nxd2 12. Qxd2 Nf6 13. f3 d5 14. O-O-O Bd6
15. Bg3 Qd7 16. Rde1 Rfc8 17. b3 cxd4 18. exd4 Bb4 19. Kb2 Bxc3+ 20. Qxc3 Rxc3
21. Kxc3 Ne8 22. Rc1 Rc8+ 23. Kd2 Rxc1 24. Rxc1 Qe7 25. Bb5 Qb4+ 0-1

[Event "Challenge"]
[Site "http://www.queenalice.com/game.php?id=1621209"]
[Date "2020.7.23"]
[Round "-"]
[White "cajuchos"]
[Black "Tenor"]
[Result "1/2-1/2"]
[WhiteElo "1562"]
[BlackElo "1486"]

1. d4 d5 2. Bf4 Nc6 3. e3 Nf6 4. Nf3 Bg4 5. Be2 Ne4 6. Nbd2 e6 7. Ne5 Nxe5 8. f3
Qh4+ 9. g3 Nxf3+ 10. Nxf3 Qh5 11. Ng1 Bxe2 12. Qxe2 Qxe2+ 13. Kxe2 Bd6 14. Bxd6
Nxd6 15. Nf3 O-O 16. Ne5 Rad8 17. Raf1 f6 18. Nd3 b6 19. Rf2 Ne4 20. Rg2 h5 21.
g4 h4 22. Rhg1 g5 23. Nf2 Rd7 24. Nxe4 dxe4 25. h3 e5 26. dxe5 fxe5 27. Rf2 Kg7
28. Rgf1 Rxf2+ 29. Rxf2 Rf7 30. Rxf7+ Kxf7 31. Kd2 Ke6 32. Kc3 Kd5 33. b4 c5 34.
a3 a5 35. Kb3 c4+ 36. Kc3 a4 37. Kd2 Kc6 38. c3 Kd5 1/2-1/2